000 01256cam a2200337 a 4500
001 2437492
003 OSt
005 20160309150737.0
008 880610s1988 nhu b 001 0 eng
010 _a 88021101
020 _a0435080261
040 _aDLC
_cDLC
_dDLC
043 _afb-----
050 0 0 _aJQ1872
_b.D47 1988
082 0 0 _a321.8/096
_219
_bDEM 1988
245 0 0 _aDemocratic theory & practice in Africa /
_cedited by Walter O. Oyugi ... [et al.].
250 _aEnl. ed.
260 _aPortsmouth, NH :
_bHeinemann ;
_aLondon :
_bJ. Currey,
_c1988.
300 _a237 p. ;
_c22 cm.
504 _aIncludes bibliographies and index.
650 0 _aRepresentative government and representation
_zAfrica, Sub-Saharan.
_97201
650 0 _aDemocracy.
_91184
651 0 _aAfrica, Sub-Saharan
_xPolitics and government
_y1960-
_94618
651 0 _aAfrica, Sub-Saharan
_xEconomic conditions
_y1960-
_97202
651 0 _aAfrica, Sub-Saharan
_xSocial conditions
_y1960-
_97203
700 1 _aOyugi, W. Ouma.
_97204
740 0 _aDemocratic theory and practice in Africa.
906 _a7
_bcbc
_corignew
_d1
_eocip
_f19
_gy-gencatlg
942 _2ddc
_cSLOAN
999 _c3213
_d3213